Ritual Art and Knowledge (Record no. 11492)

MARC details
000 -LEADER
fixed length control field 00623nam a2200241 a 4500
020 ## - INTERNATIONAL STANDARD BOOK NUMBER
ISBN
082 00 - DEWEY DECIMAL CLASSIFICATION NUMBER
Classification number 295.38
Author Cutter WIL
100 ## - MAIN ENTRY--AUTHOR NAME
Author name Williams, Ron G
245 ## - TITLE STATEMENT
Title Ritual Art and Knowledge
Sub title Acsthetic Theory and Zoroastrian Ritual
260 ## - PUBLICATION, DISTRIBUTION, ETC. (IMPRINT)
Place of publication Columbia
Name of publisher University of South Caroline Press
Year of publication 1993
300 ## - PHYSICAL DESCRIPTION
Number of Pages 200p
500 ## - GENERAL NOTE
General note includes index and biblioraphy
505 2# - FORMATTED CONTENTS NOTE
Formatted contents note Index
650 ## - SUBJECT ADDED ENTRY--TOPICAL TERM
Topical Term Zoroastrianism
650 ## - SUBJECT ADDED ENTRY--TOPICAL TERM
Topical Term Ritual
942 ## - ADDED ENTRY ELEMENTS (KOHA)
Koha item type Books
Holdings
Collection code Home library Current library Date acquired Cost, normal purchase price Full call number Accession Number Koha item type
  Henry Martyn Institute Library Henry Martyn Institute Library 07/30/2007 940.00 295.38 WIL 017667 Books
                   Copyright © 2026 | Henry Martyn Institute | Hyderabad | TS-500052 | INDIA | Implemented by hmi.edu.in
Hit-Count:

Powered by Koha